100 Largest Cities in Argentina (No BA suburbs) - Statistics

General Stats
  • This quiz has been taken 34 times
  • The average score is 37 of 100
Answers on the Map
Answers color-coded by a green-red scale on the quiz's map according to % correct below.
 
Answer Stats
Population Answer % Correct
3,121,707 Buenos Aires
100%
79,409 Ushuaia
89%
1,493,668 Córdoba
83%
755,233 La Plata
83%
1,030,069 Rosario
83%
323,357 Bahía Blanca
78%
644,234 Mar del Plata
78%
287,787 Neuquén
78%
589,558 Salta
78%
206,114 San Luis
78%
123,516 Mendoza
72%
114,849 San Juan
72%
587,289 San Miguel de Tucumán
72%
199,369 Comodoro Rivadavia
67%
427,531 Corrientes
67%
115,524 Río Gallegos
67%
134,978 San Carlos de Bariloche
67%
308,950 San Salvador de Jujuy
67%
404,916 Santa Fe
67%
260,325 Formosa
61%
208,638 La Rioja
61%
104,657 Trelew
61%
185,694 Catamarca
56%
296,913 Resistencia
56%
64,886 Azul
50%
106,900 Olavarría
50%
322,554 Posadas
50%
97,625 Puerto Madryn
50%
130,258 Rawson
50%
115,736 Santa Rosa
50%
310,343 Santiago del Estero
50%
268,191 Paraná
44%
97,611 Río Grande
44%
138,549 Tandil
44%
57,341 Viedma
44%
175,683 Concordia
39%
66,805 General Pico
39%
99,943 Berisso
33%
95,524 Cipolletti
33%
85,560 Concepción del Uruguay
33%
194,044 Godoy Cruz
33%
100,541 Luján
33%
393,614 Pilar
33%
179,979 Río Cuarto
33%
68,314 San Francisco
33%
56,471 | 70,785 San Pedro
33%
95,909 Villa María
33%
56,310 Caleta Olivia
28%
279,304 Guaymallén
28%
95,385 Junín
28%
64,244 Punta Alta
28%
101,470 Rafaela
28%
84,939 Reconquista
28%
101,322 Rivadavia
28%
81,966 Venado Tuerto
28%
65,575 Chivilcoy
22%
56,528 Clorinda
22%
63,978 Ensenada
22%
254,682 Escobar
22%
102,750 General Roca
22%
141,090 General Rodríguez
22%
94,278 Gualeguaychú
22%
215,609 Las Heras
22%
116,763 Luján de Cuyo
22%
127,657 Maipú
22%
61,494 Marcos Paz
22%
83,016 Mar del Tuyú
22%
67,252 Mercedes
22%
94,057 Necochea
22%
74,634 Oberá
22%
101,994 Presidente Perón
22%
94,252 San Martín
22%
159,978 San Nicolás de los Arroyos
22%
139,191 San Rafael
22%
71,181 Villa Carlos Paz
22%
132,076 Villa Mercedes
22%
114,905 Zárate
22%
60,162 Alta Gracia
17%
104,235 Campana
17%
88,949 Goya
17%
129,200 La Banda
17%
102,182 Pergamino
17%
65,975 Alderetes
11%
103,772 Chimbas
11%
68,722 Eldorado
11%
68,921 Las Talitas
11%
96,866 Presidencia Roque Sáenz Peña
11%
74,910 Santo Tomé
11%
90,021 San Vicente
11%
85,043 Tafí Viejo
11%
71,519 Tartagal
11%
92,147 Villa Gobernador Gálvez
11%
79,240 Yerba Buena
11%
75,043 Banda del Río Salí
6%
59,655 Barranqueras
6%
63,758 Palpalá
6%
56,629 Perico
6%
86,867 San Ramón de la Nueva Orán
6%
62,697 Santa Lucía
6%
No matching quizzes found
Score Distribution
Percent of People with Each Score
Percentile by Number Answered
Your Score History
You have not taken this quiz